000 00363nam a2200169Ia 4500
003 0STCL
008 150530s9999 xx 000 0 und d
040 _aSTCL
_cSTCL
100 _aShoukath Siddiqui
245 _aKhuda ki Basti
260 _bRachana
_c1970
300 _a0
546 _aHindi
942 _2ddc
_cBK
999 _c64838
_d64838
005 20220125171253.0